书目信息 |
| 题名: |
彗星揭秘第一人
|
|
| 作者: | 姚文贵 编著 | |
| 分册: | ||
| 出版信息: | 长春 吉林科学技术出版社 2012 |
|
| 页数: | 118页 | |
| 开本: | 23cm | |
| 丛书名: | 世界五千年科技故事丛书 | |
| 单 册: | ||
| 中图分类: | K835.616.14=41 , K835.616 | |
| 科图分类: | ||
| 主题词: | 天文学--科学家--生平事迹--英国--近代 , 天文学 , 科学家 | |
| 电子资源: | ||
| ISBN: | 978-7-5384-6122-0 | |
| 000 | 01043oam2 2200313 450 | |
| 001 | 2337607905 | |
| 005 | 20231129014929.59 | |
| 010 | @a978-7-5384-6122-0@dCNY33.00 | |
| 090 | @aK835.616.14@bywg | |
| 100 | @a20140429d2012 em y0chiy50 ea | |
| 101 | 0 | @achi |
| 102 | @aCN@b220000 | |
| 105 | @ay z 000yd | |
| 200 | 1 | @a彗星揭秘第一人@Ahui xing jie mi di yi ren@e哈雷的故事@f姚文贵编著 |
| 210 | @a长春@c吉林科学技术出版社@d2012 | |
| 215 | @a118页@d23cm | |
| 225 | 2 | @a世界五千年科技故事丛书 |
| 330 | @a本书讲述了英国天文学家哈雷的故事,内容包括:巧遇彗星立志向、揭示彗星运行的奥秘、古老记录在中华、立志去远行、公正的裁判、哈雷与牛顿等。 | |
| 410 | 0 | @12001 @a世界五千年科技故事丛书 |
| 517 | 1 | @a哈雷的故事@9ha lei de gu shi |
| 606 | 0 | @a天文学@x科学家@x生平事迹@y英国@z近代 |
| 606 | 0 | @a天文学 |
| 606 | 0 | @a科学家 |
| 610 | 0 | @a哈雷(Halley, Edmond; 1656-1742) |
| 690 | @aK835.616.14=41@v5 | |
| 690 | @aK835.616@v4 | |
| 701 | 0 | @a姚文贵@Ayao wen gui@4编著 |
| 801 | 0 | @aCN@bNLC@c20140429 |
| 905 | @aZUCC@dK835.616@e9 | |
| 彗星揭秘第一人:哈雷的故事/姚文贵编著.-长春:吉林科学技术出版社,2012 |
| 118页;23cm.-(世界五千年科技故事丛书) |
| ISBN 978-7-5384-6122-0:CNY33.00 |
| 本书讲述了英国天文学家哈雷的故事,内容包括:巧遇彗星立志向、揭示彗星运行的奥秘、古老记录在中华、立志去远行、公正的裁判、哈雷与牛顿等。 |
| ● |
| 相关链接 |
|
|
|
正题名:彗星揭秘第一人
索取号:K835.616/9
 
预约/预借
| 序号 | 登录号 | 条形码 | 馆藏地/架位号 | 状态 | 备注 |
| 1 | 2000990700 | 2000990700 | 第四书库/四30架B面1层2列/ [索取号:K835.616/9] | 在馆 | |
| 2 | 2000990701 | 2000990701 | 第四书库/四30架B面1层2列/ [索取号:K835.616/9] | 在馆 | |
| 3 | 2000990702 | 2000990702 | 第四书库/四30架B面1层2列/ [索取号:K835.616/9] | 在馆 | |
| 4 | 2000990703 | 2000990703 | 培训中心一楼图书角/培训中心东5行2列/ [索取号:K835.616/9] | 在馆 | |
| 5 | 2000990704 | 2000990704 | 培训中心一楼图书角/培训中心东5行2列/ [索取号:K835.616/9] | 在馆 | |
| 6 | 2000990705 | 2000990705 | 培训中心一楼图书角/培训中心东5行2列/ [索取号:K835.616/9] | 在馆 |